| 000 | 00529cam a2200157K 4500 | ||
|---|---|---|---|
| 082 | 0 | 4 |
_a962.04 _bROY |
| 100 | 1 |
_aRoyle, Charles. _950162 |
|
| 245 | 1 | 4 | _aThe Egyptian campaigns, 1882 to 1885 |
| 250 | _aNew and rev. ed., | ||
| 260 |
_aLondon, _bHurst and Blackett, _c1900. |
||
| 300 |
_a1 online resource (viii, 606 p., 1 l.) _bfront., fold. maps, plans (1 fold.) |
||
| 526 |
_a0 _b0 _c0 _d962_040000000000000_ROY |
||
| 650 |
_aMCE _9379 |
||
| 856 | 4 | 0 | _uhttp://catalog.hathitrust.org/api/volumes/oclc/3494820.html |
| 942 |
_2ddc _cBK |
||
| 999 |
_c552892 _d552892 |
||